[Event "Amantea op-B 8th"]
[Site "Amantea"]
[Date "2010.08.30"]
[Round "2"]
[White "Cicero, Angelo"]
[Black "Pelyushenko, Anton"]
[Result "0-1"]
[WhiteElo "1422"]
[BlackElo "1845"]
[PlyCount "138"]
[EventDate "2010.08.29"]
[EventType "swiss"]
[EventRounds "9"]
[EventCountry "ITA"]
[SourceTitle "CBM 138 Extra"]
[Source "ChessBase"]
[SourceDate "2010.10.29"]
[SourceVersion "1"]
[SourceVersionDate "2010.10.29"]
[SourceQuality "1"]

1. e4 e5 2. Bc4 Nf6 3. d3 h6 4. Nf3 Bc5 5. Nxe5 d6 6. Nxf7 Qe7 7. Nxh8 Nfd7 8. Qh5+ Kd8 9. Nf7+ Ke8 10. Nxd6+ Kf8 11. Qf7+ Qxf7 12. Nxf7 Nc6 13. c3 a6 14. a4 Na5 15. Be6 Nf6 16. Bxc8 Rxc8 17. Nxh6 Nb3 18. Ra2 Nxc1 19. Ra1 gxh6 20. 0-0 Nxd3 21. b4 Ba7 22. Nd2 c5 23. b5 Rd8 24. Rab1 Ng4 25. Nb3 c4 26. Nd4 Bxd4 27. cxd4 Rxd4 28. f3 Ne3 29. bxa6 bxa6 30. Rb8+ Ke7 31. Rfb1 c3 32. R8b7+ Rd7 33. Rxd7+ Kxd7 34. Rb3 Nd1 35. Kf1 c2 36. Rxd3+ Ke6 37. Ke1 c1Q 38. Rxd1 Qe3+ 39. Kf1 Qb3 40. Re1 Qxa4 41. f4 Qc4+ 42. Kf2 Qd4+ 43. Ke2 Kf7 44. Kf3 h5 45. e5 h4 46. e6+ Ke7 47. Kg4 Qf2 48. Re5 Qxg2+ 49. Kxh4 Qxh2+ 50. Kg5 Qg3+ 51. Kf5 Qd3+ 52. Kg5 Qg3+ 53. Kf5 Qg7 54. Ke4 Qg6+ 55. Kd5 Qd3+ 56. Kc5 a5 57. Kc6 a4 58. Rd5 Qe4 59. f5 a3 60. Kc5 Qe3+ 61. Kc6 Qc3+ 62. Rc5 Qxc5+ 63. Kxc5 a2 64. Kc6 a1Q 65. Kd5 Qa5+ 66. Ke4 Kf6 67. Kd4 Qxf5 68. e7 Kxe7 69. Kc4 Kd6 0-1